| 000 | 00659nam a2200205Ia 4500 | ||
|---|---|---|---|
| 008 | 140609s9999 xx 000 0 und d | ||
| 020 | _a9781407511405 | ||
| 050 |
_aGV 1589 _b.R247 2008 |
||
| 100 | _aRedgrave, Colette. | ||
| 245 |
_aLearn to dance : _ba step-by-step guide toballroom and Latin dances / _cColette Redgrave |
||
| 260 |
_aBath, UK : _bParragon, _cC2008. |
||
| 300 |
_a96 p. : _bcol. ill. ; _c28 cm. |
||
| 500 | _aIncludes index. | ||
| 521 | _aGE | ||
| 650 |
_aFoxtrot (Dance) _xStudy and teaching. |
||
| 650 |
_aTango (Dance) _xStudy and teaching. |
||
| 650 |
_aWaltz _xStudy and teaching. |
||
| 942 |
_kFOR _cBK |
||
| 999 |
_c118062 _d118062 |
||